Brick bonding : the neles of bonding and 100 & adranced craft questions with cmswers
| Main Author: | |
|---|---|
| Format: | Book |
| Published: |
Hampshire :
Macmillan ,
1990
|
| Subjects: |
MARC
| LEADER | 00000cam a2200000 7i4500 | ||
|---|---|---|---|
| 001 | 0000005119 | ||
| 002 | 000005528 | ||
| 005 | 20000330.0 | ||
| 020 | |a 0333521676 | ||
| 090 | 0 | 0 | |a 693.21 |b HAN |
| 100 | 1 | |a Hancock, David | |
| 245 | 1 | 0 | |a Brick bonding : |b the neles of bonding and 100 & adranced craft questions with cmswers |c David Hancock |
| 260 | |a Hampshire : |b Macmillan , |c 1990 | ||
| 300 | |a 168 p. ; |c 31 cm. | ||
| 650 | 0 | 0 | |a Brikwork,bonding |x Questions and answers |
| 999 | |a 033966 |b BUKU |c PINJAMAN |e PERPUSTAKAAN KOMUNITI PETALING JAYA | ||